Science Quiz

Random Science or Animal Quiz

Animals Quiz Stats

 Plays Quiz not verified by Sporcle

Also try: Scales
Challenge
Share
Tweet
Embed
Score 0/41 Timer 19:00
0 Plays Today
Hint Answer % Correct
DDog
100%
CCat
92%
RRabbit
76%
ZZebra
76%
TTiger
76%
GGiraffe
72%
RRat
68%
LLion
68%
RRhino
60%
GGorilla
60%
CCheetah
56%
MMonkey
56%
KKangaroo
56%
HHippo
52%
MMouse
52%
LLeopard
52%
KKoala
52%
EElephant
52%
CCow
52%
HHorse
52%
DDeer
48%
Hint Answer % Correct
SSnake
48%
GGoat
48%
BBear
44%
HHamster
44%
PPanda
44%
PPig
44%
DDonkey
44%
FFlamingo
40%
OOtter
40%
WWolf
40%
FFish
40%
SSheep
40%
BBat
36%
GGuinea Pig
36%
FFox
36%
GGerbil
32%
LLlama
32%
BBeaver
28%
PPenguin
20%
PPuma
8%

You're not logged in!

Compare scores with friends on all Sporcle quizzes.
Join for Free
OR
Log In

You Might Also Like...

Show Comments

Extras

Created Aug 26, 2016ReportNominate
Tags:Animal Quiz

Top Quizzes Today


Score Distribution

Your Account Isn't Verified!

In order to create a playlist on Sporcle, you need to verify the email address you used during registration. Go to your Sporcle Settings to finish the process.

Report this User

Report this user for behavior that violates our Community Guidelines.

Details: